LEADER 01352nam a2200325 a 4500 001 000000133052 003 CaOOAMICUS 005 20130308120024.0 008 130308s2011 it u001 u ita r 020 $a978-88-372-2511-7 040 $aPUL$bita 082 04$a121.8 100 1 $aHartmann, Nicolai,$d1882-1950.$0(OLS)http://pul/name/10737 245 10$aOntologia dei valori /$cNicolai Hartmann ; a cura di Giuseppe D'Anna ; traduzione di Nadia Moro. 260 $aBrescia :$bMorcelliana,$c©2011. 300 $a296 p. ;$c19 cm. 490 1 $aIl pellicano rosso.$aNuova serie ;$v137 504 $aBibliografia in nota. 650 4$aGnoseologia.$0(OLS)http://pul/subject/1860 700 1 $aMoro, Nadia.$0(OLS)http://pul/name/85753 700 1 $aD'Anna, Giuseppe.$0(OLS)http://pul/name/73500 830 3$aIl pellicano rosso.$pNuova serie ;$v137.$0(OLS)http://pul/title/103420 850 $aPUL 852 $aPUL$W1$xSL Filosofia 3$y81$m121. 8 HARNI 1$j152977$qDDC 21$B152473$CPULBib$Z2$F152473 $H121894 $82 941 1 $a9 996 $6020$a978-88-372-2511-7$9(OLS)http://pul/number/152022 996 $6082$a121.8$9(OLS)http://pul/classification/2472 996 $6245$aOntologia dei valori$9(OLS)http://pul/title/168109 996 $6260$aBrescia :$bMorcelliana$9(OLS)http://pul/publisher/47854 LEADER 01465nam a2200301 a 4500 001 000000154811 003 CaOOAMICUS 005 20250502175740.0 008 161007n1957 xxc u000 u fre r 032 $aLibriCat 040 $aPUL$bita 100 1 $aVidal, Maurice,$cP.S.S.,$d1932-2021.$0(OLS)http://pul/name/42289 245 13$aLe Cardinal de Bérulle théologien marial : la doctrine de Marie Epouse / $cMauritius Vidal. 260 $aNicolet (Québec) :$bCentre Marial Canadien,$c1957. 300 $a67 p. ;$c22 cm. 502 $aDissertatio ad lauream in facultate S. Theologiae apud Pontificium Institutum Angelicum de Urbe. 1956. 504 $aBibliografia in nota a piè pagina. 600 14$aBérulle, Pierre de,$ccard.,$d1575-1629.$0(OLS)http://pul/subject/10090 650 4$aMariologia.$0(OLS)http://pul/subject/28018 710 2 $aPontificio Ateneo Angelicum.$bFacoltà di Teologia.$kTesi.$0(OLS)http://pul/name/97565 850 $aPUL 852 $aPUL$W1$xDP1 Tesi Pon. Univ. S. Tommaso$y44$mTH S.THOM TH162$j177779$qTesi$B180942$CPULBib$Z2$F180942 $H19406 $82 941 1 $a16 960 $aMaria Virgo,$cs.$928018 960 $aMaria Virgo,$cs.$928018 996 $6245$aLe Cardinal de Bérulle théologien marial : la doctrine de Marie Epouse / $9(OLS)http://pul/title/194448 996 $6260$aNicolet (Québec) :$bCentre Marial Canadien$9(OLS)http://pul/publisher/58263